Coastal Subdivisions of Mainland South America - Map Quiz - Statistics

General Stats
  • This quiz has been taken 112 times
  • The average score is 32 of 94
Answers on the Map
Answers color-coded by a green-red scale on the quiz's map according to % correct below.
 
Answer Stats
Answer % Correct
Buenos Aires
87%
Rio de Janeiro
67%
Rio Grande do Sul
67%
São Paulo
67%
Bahia
63%
French Guiana
63%
Pará
63%
Ciudad de Buenos Aires
60%
Espirito Santo
53%
Montevideo
53%
Amapá
50%
Lima
50%
Rio Grande do Norte
50%
Atacama
47%
Ceará
47%
Chubut
47%
Pernambuco
47%
Valparaíso
47%
Alagoas
43%
Antofagasta
43%
Magallanes
43%
Piauí
43%
Santa Catarina
43%
Arequipa
40%
Atlántico
40%
Paraíba
40%
Paramaribo
40%
Paraná
40%
Río Negro
40%
Santa Cruz
40%
Sergipe
40%
La Guajira
37%
Maranhão
37%
O'Higgins
37%
Canelones
33%
Colonia
33%
Guayas
33%
Zulia
33%
Ancash
30%
Aysén
30%
Callao
30%
Essequibo Islands-West Demerara
30%
Magdalena
30%
Sucre (Atlantic)
30%
Antioquia
27%
Arica y Parinacota
27%
Biobío
27%
Carabobo
27%
Commewijne
27%
Delta Amacuro
27%
Demerara-Mahaica
27%
East Berbyce-Corentine
27%
Ica
27%
La Libertad
27%
Lambayeque
27%
Los Lagos
27%
Los Ríos
27%
Maldonado
27%
Maule
27%
Moquegua
27%
Piura
27%
San José
27%
Tarapacá
27%
Tumbes
27%
Vargas
27%
Anzoátegui
23%
Aracaunía
23%
Aragua
23%
Barima-Waini
23%
Coquimbo
23%
Coronie
23%
Esmeraldas
23%
Falcón
23%
Mahaica-Berbice
23%
Manabí
23%
Marowijne
23%
Miranda
23%
Monagas
23%
Nickerie
23%
Ñuble
23%
Pomeroon-Superaam
23%
Rocha
23%
Saramacca
23%
Tacna
23%
Yaracuy
23%
Bolívar
20%
Cauca
20%
Chocó
20%
Córdoba
20%
Nariño
20%
Santa Elena
20%
Sucre (Pacific)
20%
Valle del Cauca
20%
El Oro
17%
No matching quizzes found
Score Distribution
Percent of People with Each Score
Percentile by Number Answered
Your Score History
You have not taken this quiz